UBT Library

The producer's business handbook / (Record no. 44076)

000 -LEADER
fixed length control field 00815cam a2200229 a 4500
001 - CONTROL NUMBER
control field 11869887
005 - DATE AND TIME OF LATEST TRANSACTION
control field 20180302082551.0
008 - FIXED-LENGTH DATA ELEMENTS--GENERAL INFORMATION
fixed length control field 991216s2000 mau bf 000 0 eng
010 ## - LIBRARY OF CONGRESS CONTROL NUMBER
LC control number 99087181
020 ## - INTERNATIONAL STANDARD BOOK NUMBER
International Standard Book Number 0240803965 (pbk. : alk. paper)
040 ## - CATALOGING SOURCE
Original cataloging agency DLC
Transcribing agency DLC
Modifying agency DLC
041 ## - LANGUAGE CODE
Language code of text/sound track or separate title eng
043 ## - GEOGRAPHIC AREA CODE
Geographic area code n-us---
080 ## - UNIVERSAL DECIMAL CLASSIFICATION NUMBER
Universal Decimal Classification number 384.83068 LEE
082 00 - DEWEY DECIMAL CLASSIFICATION NUMBER
Classification number 384.83068 LEE
Edition number 23
100 1# - Rafti
Rafti 40
101 ## - Shkurtesa
Shkurtesa MED
245 14 - TITLE STATEMENT
Title The producer's business handbook /
Statement of responsibility, etc John J. Lee, Jr.
906 ## - LOCAL DATA ELEMENT F, LDF (RLIN)
a 7
b cbc
c orignew
d 1
e ocip
f 19
g y-gencatlg
942 ## - ADDED ENTRY ELEMENTS (KOHA)
Source of classification or shelving scheme
Item type Books
Holdings
Withdrawn status Lost status Source of classification or shelving scheme Damaged status Not for loan Collection code Permanent location Current location Shelving location Date acquired Total Checkouts Full call number Barcode Date last seen Price effective from Koha item type
          Koleksioni i përgjithshem UBT - Lipjan UBT - Lipjan Koleksioni i përgjithshem 03/02/2018   384.83068 LEE 002-3000748 03/02/2018 03/02/2018 Books
UBT Library © 2015-2024. All rights reserved University Education for Business and Technology